Vincúr, P.: Základy makroekonomickej analýzy

Bibliographic Details
Main Author: Martincová, Marta, 1955- (Author)
Format: Article
Language:Slovak
ISSN:0323-262X
Subjects:

MARC

LEADER 00000nab a2200000 a 4500
001 vtls000751680
003 SK-MaSNL
005 20260302192649.0
008 140402c1997 xo 0 slo
015 |a SNBRB2001/03-09509 
035 |a CLN000103473 
040 |a SNKBUCL  |b slo  |c SNKBUCL  |e AACR2 
041 0 |a slo 
044 |a xo  |c SK 
080 |a 330.541(048)  |2 1997 
100 1 |a Martincová, Marta,  |d 1955-  |4 aut  |9 216183 
245 1 0 |a Vincúr, P.: Základy makroekonomickej analýzy  |c Marta Martincová 
650 0 7 |a makroekonomika  |x analýza makroekonomická  |x príručky  |x recenzie  |2 snkbucl  |9 910170 
650 0 7 |a makroekonomická analýza  |2 snkbucl  |9 74644 
655 7 |a články z novín a časopisov  |2 snkbucl  |9 267496 
773 0 |t Ekonomické rozhľady  |g Roč. 26, č. 3 (1997), s. 305-307  |x 0323-262X 
787 0 8 |i Rec.:  |a Vincúr, Pavol  |t Základy makroekonomickej analýzy  |d Trnava, 1997  |z 8085413299 
850 |a Slovenská národná knižnica v Martine 
852 |a SNK  |b KIS3GCP 
958 |a RC 
992 |a RBX 
999 |c 1441621  |d 1443551